000 00449naa a22001217u 4500
008 130517b2002 xxu||||| |||| 00| 0 ger d
040 _aGER
100 1 _aWinnacker, Ernst-Ludwing
_912222
245 0 0 _aMenschheitsträume und moderne Biotechnologie
300 _a32-42 p.
_c26 cm.
773 0 _tWem gehört der Mensch?
_aSINCLAIR-HAUS GESPRÄCHE
_dBad Homburg v.d. Höhe,Herbert Quandt-Stiftung,2002,
_gpágs. 32-42
_z3-00-008925-X,
_w70980
942 _cAC
999 _c227232
_d227232